Metody a techniky rychlých výzkumných sond
Uložené v:
| Hlavný autor: | |
|---|---|
| Médium: | Kniha |
| Jazyk: | Czech |
| Vydavateľské údaje: |
Praha
Výzkumný ústav obchodu
1987
|
| Edícia: | Knižnice VÚO
220 |
| Tagy: |
Žiadne tagy, Buďte prvý, kto otaguje tento záznam!
|
MARC
| LEADER | 00000nam a2200000 4500 | ||
|---|---|---|---|
| 001 | c024359 | ||
| 005 | 20251110132428.4 | ||
| 041 | 0 | |a cze | |
| 044 | |a CZ | ||
| 245 | 1 | 0 | |a Metody a techniky rychlých výzkumných sond |c Růžena Komárková |
| 264 | 1 | |a Praha |b Výzkumný ústav obchodu |c 1987 | |
| 300 | |a 28 s. | ||
| 490 | 1 | |a Knižnice VÚO |v 220 | |
| 830 | 0 | |a Knižnice VÚO |v 220 | |
| 100 | 1 | |a Komárková, Růžena | |